Bienvenue à la Médiathèque de Saint-Andiol
banniere
Accueil Recherche avancée Mon compte
handi1 Rechercher dans le catalogue

Filtre   Mots-clés
  Recherche avancée
 
Lister les dernières nouveautés
 
Lister les livres GROS CARACTERES
 
Lister les périodiques (magazines)

handi1 Coeur sucré

<< Retourner aux résultats de la recherche
Book Cover
Auteur principal : Véronique Grisseaux
Autres auteurs : Raymond Sébastien Cathy Cassidy
Autres auteurs : Drac Reiko Zora
Titre : Coeur sucré
Support : Livres
Langue : Francais
Publié : 2020 Jungle Bruxelles
Series : Les Filles au chocolat
Genre : Bande Dessinée (enfants)
Collection : Miss Jungle
Sujets :
Étiquettes :
Pas de tags
LEADER 01188nam0a2200277 450
001 16868295
010 |a 978-2-8222-2589-2  |b cart.  |d 11,95 € 
100 |a 20180604d2020 u u0frey01 ba 
101 0 |a fre 
102 |a FR 
200 0 |a Coeur sucré  |f adaptation BD Véronique Grisseaux  |g création du design des personnages Raymond Sébastien - d'après le roman de Cathy Cassidy - couleurs Drac, Reiko et Zora 
207 1 |a   
210 |a Bruxelles  |c Jungle  |d 2020 
215 |a 1 vol. (45 p.)  |c illustrations en couleur  |d 31 x 23 cm 
225 1 |a Miss Jungle 
330 |a Tommy décide d'offrir un cadeau spécial à Summer pour la Saint-Valentin, pour lui redonner goût à la danse et à la vie. Jodie culpabilise car elle entre à la Rochelle Academy à la place de Summer. 
461 0 |t Les Filles au chocolat  |v 08 
700 0 |a Grisseaux  |b Véronique  |f 1959-....  |4 70 
701 0 |a Sébastien  |b Raymond  |4 440 
701 0 |a Cassidy  |b Cathy  |4 100 
702 0 |a Drac  |4 410 
702 0 |a Reiko  |4 410 
702 0 |a Zora  |4 410 
900 |a Bande Dessinée (enfants) 
901 |a Jeunesse 
995 |a Médiathèque  |c Médiathèque  |f 00156009390949  |h 00156009390949  |k BD FIL  |o p  |q j  |r az  |e Médiathèque